[Event "Landsturneringen 2017"]
[Site "Clarion Energy Hotel, Stavanger"]
[Date "2017.07.06"]
[Round "7"]
[White "Merkesvik, Sondre"]
[Black "Saltvedt, Martin"]
[Result "1-0"]
[WhiteElo "2211"]
[BlackElo "2046"]
[PlyCount "93"]

1. Nf3 {[%clk 1:30:22]} d5 {[%clk 1:30:51]} 2. g3 {[%clk 1:30:47]} Bf5
{[%clk 1:31:13]} 3. Bg2 {[%clk 1:31:12]} Nf6 {[%clk 1:31:36]} 4. O-O
{[%clk 1:31:35]} e6 {[%clk 1:31:46]} 5. c4 {[%clk 1:28:51]} c6 {[%clk 1:31:50]}
6. b3 {[%clk 1:28:56]} h6 {[%clk 1:31:43]} 7. Bb2 {[%clk 1:28:16]} Be7
{[%clk 1:30:41]} 8. d4 {[%clk 1:20:26]} O-O {[%clk 1:29:38]} 9. Nc3
{[%clk 1:20:21]} Nbd7 {[%clk 1:29:51]} 10. e3 {[%clk 1:15:40]} Rb8
{[%clk 1:27:24]} 11. Qe2 {[%clk 1:15:54]} Qa5 {[%clk 1:25:37]} 12. Nd2
{[%clk 1:04:55]} Bb4 {[%clk 1:24:58]} 13. Rfc1 {[%clk 1:03:17]} Rfe8
{[%clk 1:20:38]} 14. a3 {[%clk 1:00:37]} Bf8 {[%clk 1:19:44]} 15. b4
{[%clk 0:47:33]} Qa6 {[%clk 1:13:30]} 16. e4 {[%clk 0:17:25]} Bg4
{[%clk 1:10:43]} 17. f3 {[%clk 0:10:50]} Bh5 {[%clk 1:11:07]} 18. e5
{[%clk 0:10:13]} Nh7 {[%clk 1:10:30]} 19. cxd5 {[%clk 0:10:39]} Qxe2
{[%clk 1:10:36]} 20. Nxe2 {[%clk 0:11:08]} exd5 {[%clk 1:10:24]} 21. Nf4
{[%clk 0:11:36]} Bg6 {[%clk 1:09:15]} 22. Nxg6 {[%clk 0:10:59]} fxg6
{[%clk 1:09:43]} 23. f4 {[%clk 0:04:35]} Be7 {[%clk 1:09:47]} 24. Rf1
{[%clk 0:04:02]} Bd8 {[%clk 1:09:28]} 25. Rac1 {[%clk 0:04:17]} Bb6
{[%clk 1:09:34]} 26. a4 {[%clk 0:04:08]} a5 {[%clk 1:06:51]} 27. b5
{[%clk 0:04:37]} Rbc8 {[%clk 1:06:34]} 28. h3 {[%clk 0:04:31]} g5
{[%clk 1:05:59]} 29. bxc6 {[%clk 0:03:18]} bxc6 {[%clk 1:05:48]} 30. Rxc6
{[%clk 0:02:14]} Rxc6 {[%clk 1:05:55]} 31. Bxd5+ {[%clk 0:02:43]} Rce6
{[%clk 1:06:08]} 32. f5 {[%clk 0:02:26]} Nxe5 {[%clk 1:06:27]} 33. fxe6
{[%clk 0:01:22]} Nf6 {[%clk 1:06:39]} 34. Bb3 {[%clk 0:01:11]} Nd3
{[%clk 1:06:03]} 35. Bc3 {[%clk 0:01:30]} Kf8 {[%clk 1:06:00]} 36. Kg2
{[%clk 0:01:14]} Rc8 {[%clk 1:06:04]} 37. Nc4 {[%clk 0:01:01]} Ke7
{[%clk 1:06:03]} 38. Rxf6 {[%clk 0:00:46]} gxf6 {[%clk 1:05:48]} 39. Nxb6
{[%clk 0:01:15]} Rc6 {[%clk 1:04:27]} 40. Bxa5 {[%clk 0:01:21]} Kd6
{[%clk 0:59:52]} 41. Bc4 {[%clk 0:27:32]} Nb2 {[%clk 1:27:22]} 42. Bb4+
{[%clk 0:27:16]} Kc7 {[%clk 1:27:50]} 43. e7 {[%clk 0:26:04]} Nxc4
{[%clk 1:27:27]} 44. e8=Q {[%clk 0:26:24]} Nxb6 {[%clk 1:27:45]} 45. Ba5
{[%clk 0:26:35]} Kb7 {[%clk 1:25:53]} 46. Bxb6 {[%clk 0:25:14]} Kxb6
{[%clk 1:26:21]} 47. Qb8+ {[%clk 0:25:36]}
1-0

[Event "Landsturneringen 2017"]
[Site "Clarion Energy Hotel, Stavanger"]
[Date "2017.07.06"]
[Round "7"]
[White "Løbersli, Henrik Øie"]
[Black "Vestby-Ellingsen, Mads"]
[Result "0-1"]
[WhiteElo "2084"]
[BlackElo "2175"]
[PlyCount "100"]

1. d4 {[%clk 1:30:54]} Nf6 {[%clk 1:30:39]} 2. Bf4 {[%clk 1:30:39]} d5
{[%clk 1:30:56]} 3. e3 {[%clk 1:30:46]} c5 {[%clk 1:31:05]} 4. c3
{[%clk 1:30:30]} Nc6 {[%clk 1:31:07]} 5. Nd2 {[%clk 1:30:18]} e6 {[%clk 1:31:10]}
6. Ngf3 {[%clk 1:30:22]} cxd4 {[%clk 1:31:10]} 7. exd4 {[%clk 1:29:18]} Nh5
{[%clk 1:31:23]} 8. Bg5 {[%clk 1:24:29]} f6 {[%clk 1:31:38]} 9. Bh4
{[%clk 1:15:53]} Bd6 {[%clk 1:28:56]} 10. Bg3 {[%clk 1:15:50]} O-O
{[%clk 1:17:03]} 11. Be2 {[%clk 1:11:31]} Nf4 {[%clk 1:06:09]} 12. Bxf4
{[%clk 1:04:22]} Bxf4 {[%clk 1:06:26]} 13. O-O {[%clk 1:04:37]} e5
{[%clk 1:01:45]} 14. g3 {[%clk 1:00:04]} Bh6 {[%clk 1:01:52]} 15. c4
{[%clk 0:56:09]} e4 {[%clk 0:45:42]} 16. Nh4 {[%clk 0:49:31]} Nxd4
{[%clk 0:42:43]} 17. cxd5 {[%clk 0:48:36]} Bxd2 {[%clk 0:41:29]} 18. Qxd2
{[%clk 0:48:43]} Nxe2+ {[%clk 0:41:44]} 19. Qxe2 {[%clk 0:49:06]} Qxd5
{[%clk 0:39:13]} 20. Rfd1 {[%clk 0:47:57]} Qe5 {[%clk 0:38:32]} 21. Ng2
{[%clk 0:44:33]} Bf5 {[%clk 0:30:40]} 22. b3 {[%clk 0:42:06]} Rfd8
{[%clk 0:29:01]} 23. Nf4 {[%clk 0:40:40]} Rac8 {[%clk 0:26:04]} 24. Rxd8+
{[%clk 0:36:08]} Rxd8 {[%clk 0:26:24]} 25. Rd1 {[%clk 0:36:24]} Rxd1+
{[%clk 0:21:01]} 26. Qxd1 {[%clk 0:36:14]} h6 {[%clk 0:16:39]} 27. Qd2
{[%clk 0:33:10]} Bg4 {[%clk 0:12:57]} 28. Qc1 {[%clk 0:24:00]} Kh7
{[%clk 0:10:33]} 29. h3 {[%clk 0:22:07]} Bf3 {[%clk 0:10:21]} 30. Kh2
{[%clk 0:21:56]} Qd4 {[%clk 0:08:27]} 31. Kg1 {[%clk 0:20:22]} b5
{[%clk 0:07:21]} 32. Ne6 {[%clk 0:17:48]} Qd6 {[%clk 0:06:07]} 33. Nf4
{[%clk 0:16:02]} b4 {[%clk 0:05:25]} 34. h4 {[%clk 0:14:39]} Qd4 {[%clk 0:04:35]}
35. Ng2 {[%clk 0:12:04]} Qd7 {[%clk 0:02:17]} 36. Kh2 {[%clk 0:10:51]} Qg4
{[%clk 0:00:35]} 37. Nf4 {[%clk 0:07:51]} Qf5 {[%clk 0:00:39]} 38. Qc7
{[%clk 0:06:30]} e3 {[%clk 0:00:33]} 39. fxe3 {[%clk 0:03:01]} Qb1
{[%clk 0:00:57]} 40. g4 {[%clk 0:02:56]} Qxa2+ {[%clk 0:00:36]} 41. Kg3
{[%clk 0:02:53]} Bh1 {[%clk 0:18:41]} 42. Qf7 {[%clk 0:20:11]} Qb1
{[%clk 0:15:03]} 43. Kh2 {[%clk 0:14:04]} Be4 {[%clk 0:13:08]} 44. Qxa7
{[%clk 0:02:34]} Qh1+ {[%clk 0:13:16]} 45. Kg3 {[%clk 0:02:59]} Qf3+
{[%clk 0:13:17]} 46. Kh2 {[%clk 0:03:27]} Qxg4 {[%clk 0:12:51]} 47. h5
{[%clk 0:03:12]} Qh4+ {[%clk 0:12:41]} 48. Kg1 {[%clk 0:03:22]} Qe1+
{[%clk 0:12:59]} 49. Kh2 {[%clk 0:03:45]} Qf2+ {[%clk 0:13:20]} 50. Kh3
{[%clk 0:03:52]} Bf5# {[%clk 0:13:42]}
0-1

[Event "Landsturneringen 2017"]
[Site "Clarion Energy Hotel, Stavanger"]
[Date "2017.07.06"]
[Round "7"]
[White "Kizatbay, Abyl"]
[Black "Grønn, Eskil Ekeland"]
[Result "1-0"]
[WhiteElo "2127"]
[BlackElo "1914"]
[PlyCount "41"]
[EventDate "2017.??.??"]

1. e4 c5 2. Nf3 d6 3. d4 cxd4 4. Nxd4 Nf6 5. Nc3 Nc6 6. Bc4 Qb6 7. Ndb5 a6 8.
Be3 Qa5 9. Nd4 Nxe4 10. Qf3 f5 11. Nxc6 bxc6 12. O-O-O e6 13. Nxe4 fxe4 14.
Qxe4 d5 15. Qe5 Bd7 16. Bf4 Qc5 17. Be2 Qxf2 18. Bh5+ g6 19. Rhf1 Qh4 20. Qxh8
Qxh5 21. Bd6
1-0

[Event "Landsturneringen 2017"]
[Site "Clarion Energy Hotel, Stavanger"]
[Date "2017.07.06"]
[Round "7"]
[White "Lund, Gunnar"]
[Black "Machlik, Edit"]
[Result "1-0"]
[WhiteElo "2051"]
[BlackElo "2084"]
[PlyCount "65"]

1. g3 {[%clk 1:30:42]} Nf6 {[%clk 1:28:19]} 2. Bg2 {[%clk 1:30:54]} d5
{[%clk 1:25:40]} 3. d4 {[%clk 1:30:23]} e6 {[%clk 1:19:57]} 4. Nf3
{[%clk 1:30:43]} b5 {[%clk 1:18:04]} 5. O-O {[%clk 1:26:13]} c5 {[%clk 1:16:50]}
6. a4 {[%clk 1:20:04]} b4 {[%clk 1:14:27]} 7. c4 {[%clk 1:19:43]} bxc3
{[%clk 1:12:58]} 8. Nxc3 {[%clk 1:19:52]} Nbd7 {[%clk 0:59:16]} 9. e4
{[%clk 0:54:35]} Bb7 {[%clk 0:52:29]} 10. Be3 {[%clk 0:37:57]} Be7
{[%clk 0:32:24]} 11. e5 {[%clk 0:30:24]} Ng8 {[%clk 0:22:41]} 12. Rc1
{[%clk 0:21:42]} cxd4 {[%clk 0:18:45]} 13. Bxd4 {[%clk 0:21:22]} Ba6
{[%clk 0:18:11]} 14. Nb5 {[%clk 0:18:26]} Bxb5 {[%clk 0:17:00]} 15. axb5
{[%clk 0:18:54]} Nh6 {[%clk 0:16:55]} 16. Qe2 {[%clk 0:15:49]} O-O
{[%clk 0:16:31]} 17. Rc6 {[%clk 0:15:28]} Qb8 {[%clk 0:11:58]} 18. Rfc1
{[%clk 0:15:13]} Nf5 {[%clk 0:11:46]} 19. Rc7 {[%clk 0:15:03]} Rd8
{[%clk 0:08:40]} 20. Bh3 {[%clk 0:14:01]} g6 {[%clk 0:04:21]} 21. Bxf5
{[%clk 0:10:08]} gxf5 {[%clk 0:04:50]} 22. Be3 {[%clk 0:09:15]} Kf8
{[%clk 0:03:55]} 23. Bh6+ {[%clk 0:06:55]} Ke8 {[%clk 0:04:16]} 24. Ng5
{[%clk 0:06:57]} Nc5 {[%clk 0:01:28]} 25. R1xc5 {[%clk 0:02:45]} Bxc5
{[%clk 0:01:53]} 26. Rxc5 {[%clk 0:02:59]} Rc8 {[%clk 0:01:35]} 27. Rxc8+
{[%clk 0:02:36]} Qxc8 {[%clk 0:02:04]} 28. Qh5 {[%clk 0:02:48]} Qd7
{[%clk 0:02:11]} 29. Nxh7 {[%clk 0:03:01]} Kd8 {[%clk 0:02:26]} 30. Nf6
{[%clk 0:02:03]} Qc7 {[%clk 0:02:46]} 31. Bf8 {[%clk 0:01:39]} Qxe5
{[%clk 0:00:39]} 32. Qxf7 {[%clk 0:01:54]} Qc7 {[%clk 0:01:02]} 33. Qe8#
1-0

[Event "Landsturneringen 2017"]
[Site "Clarion Energy Hotel, Stavanger"]
[Date "2017.07.06"]
[Round "7"]
[White "Nilsen, Martin"]
[Black "Fossan, Benjamin"]
[Result "1-0"]
[WhiteElo "2080"]
[BlackElo "1855"]
[PlyCount "227"]

1. e3 {[%clk 1:30:51]} g6 {[%clk 1:30:37]} 2. c4 {[%clk 1:28:37]} Bg7
{[%clk 1:29:04]} 3. d4 {[%clk 1:25:00]} Nf6 {[%clk 1:28:10]} 4. Nf3
{[%clk 1:18:49]} O-O {[%clk 1:26:23]} 5. Nc3 {[%clk 1:15:49]} d5 {[%clk 1:26:21]}
6. Bd3 {[%clk 1:14:45]} c5 {[%clk 1:22:40]} 7. h3 {[%clk 1:07:07]} cxd4
{[%clk 1:09:51]} 8. exd4 {[%clk 1:05:00]} Nc6 {[%clk 1:07:28]} 9. O-O
{[%clk 0:57:21]} Re8 {[%clk 1:01:52]} 10. Re1 {[%clk 0:55:09]} b6
{[%clk 0:53:52]} 11. cxd5 {[%clk 0:45:35]} Nb4 {[%clk 0:51:05]} 12. Bb5
{[%clk 0:42:23]} Bd7 {[%clk 0:42:47]} 13. Bxd7 {[%clk 0:25:28]} Qxd7
{[%clk 0:41:09]} 14. Ne5 {[%clk 0:25:08]} Qb7 {[%clk 0:39:36]} 15. Bg5
{[%clk 0:08:32]} Rad8 {[%clk 0:17:57]} 16. Qa4 {[%clk 0:05:42]} Nfxd5
{[%clk 0:16:25]} 17. a3 {[%clk 0:05:27]} Bxe5 {[%clk 0:11:29]} 18. dxe5
{[%clk 0:04:44]} Nd3 {[%clk 0:10:28]} 19. Nxd5 {[%clk 0:03:27]} Qxd5
{[%clk 0:09:23]} 20. Rad1 {[%clk 0:03:41]} Qa8 {[%clk 0:08:51]} 21. Re2
{[%clk 0:02:56]} Nc5 {[%clk 0:07:04]} 22. Qc2 {[%clk 0:02:51]} Ne6
{[%clk 0:06:13]} 23. Be3 {[%clk 0:02:21]} Rxd1+ {[%clk 0:05:44]} 24. Qxd1
{[%clk 0:02:49]} Rd8 {[%clk 0:05:48]} 25. Qa4 {[%clk 0:03:00]} Qb8
{[%clk 0:03:31]} 26. Rd2 {[%clk 0:01:29]} Rxd2 {[%clk 0:03:21]} 27. Bxd2
{[%clk 0:01:58]} Nc5 {[%clk 0:02:18]} 28. Qc6 {[%clk 0:02:00]} Qd8
{[%clk 0:01:20]} 29. Bc3 {[%clk 0:01:53]} Ne6 {[%clk 0:01:02]} 30. Qa4
{[%clk 0:01:40]} Qc7 {[%clk 0:00:56]} 31. h4 {[%clk 0:01:31]} h5 {[%clk 0:00:55]}
32. Qe4 {[%clk 0:01:21]} Qd7 {[%clk 0:00:53]} 33. Qf3 {[%clk 0:01:19]} Ng7
{[%clk 0:00:54]} 34. Qa8+ {[%clk 0:01:25]} Kh7 {[%clk 0:01:10]} 35. Qf3
{[%clk 0:00:42]} Kg8 {[%clk 0:00:52]} 36. Qe4 {[%clk 0:00:46]} Qd1+
{[%clk 0:00:47]} 37. Kh2 {[%clk 0:00:56]} Qd7 {[%clk 0:01:13]} 38. Bb4
{[%clk 0:01:05]} Kh7 {[%clk 0:00:54]} 39. Qf4 {[%clk 0:01:15]} Qf5
{[%clk 0:00:57]} 40. Qe3 {[%clk 0:01:02]} Qd7 {[%clk 0:00:48]} 41. Qf3
{[%clk 0:29:23]} Kg8 {[%clk 0:30:32]} 42. g3 {[%clk 0:20:53]} Ne6
{[%clk 0:22:42]} 43. Qe3 {[%clk 0:19:22]} Qd4 {[%clk 0:19:37]} 44. Bxe7
{[%clk 0:15:05]} Qxb2 {[%clk 0:18:51]} 45. Bf6 {[%clk 0:14:44]} Qd4
{[%clk 0:18:27]} 46. Qf3 {[%clk 0:14:48]} Kh7 {[%clk 0:17:26]} 47. Kg2
{[%clk 0:14:22]} Qc5 {[%clk 0:14:38]} 48. Qa8 {[%clk 0:12:04]} Nf8
{[%clk 0:15:02]} 49. Qe8 {[%clk 0:08:10]} Kg8 {[%clk 0:14:22]} 50. Be7
{[%clk 0:07:09]} Qd5+ {[%clk 0:14:29]} 51. Kh2 {[%clk 0:04:37]} Qf3
{[%clk 0:14:18]} 52. Qxf8+ {[%clk 0:04:39]} Kh7 {[%clk 0:14:47]} 53. Kg1
{[%clk 0:04:29]} Qd1+ {[%clk 0:14:43]} 54. Kg2 {[%clk 0:04:43]} Qd5+
{[%clk 0:15:10]} 55. Kg1 {[%clk 0:01:57]} Qd1+ {[%clk 0:15:30]} 56. Kh2
{[%clk 0:02:16]} Qf3 {[%clk 0:15:57]} 57. Bc5 {[%clk 0:02:36]} bxc5
{[%clk 0:16:09]} 58. Qxc5 {[%clk 0:03:05]} Qb7 {[%clk 0:15:42]} 59. a4
{[%clk 0:02:00]} Kg7 {[%clk 0:13:11]} 60. a5 {[%clk 0:01:56]} a6 {[%clk 0:13:16]}
61. Qb6 {[%clk 0:01:26]} Qf3 {[%clk 0:13:33]} 62. Qd4 {[%clk 0:01:48]} Kh7
{[%clk 0:12:52]} 63. Kg1 {[%clk 0:02:13]} Qb3 {[%clk 0:12:08]} 64. Qc5
{[%clk 0:01:06]} Qb1+ {[%clk 0:11:43]} 65. Kh2 {[%clk 0:01:22]} Qf5
{[%clk 0:11:37]} 66. Qb6 {[%clk 0:01:08]} Qf3 {[%clk 0:11:19]} 67. Kg1
{[%clk 0:00:37]} Qd1+ {[%clk 0:11:31]} 68. Kh2 {[%clk 0:01:07]} Qf3
{[%clk 0:11:46]} 69. Qf6 {[%clk 0:00:54]} Qb7 {[%clk 0:05:02]} 70. Kg1
{[%clk 0:01:16]} Qb1+ {[%clk 0:05:05]} 71. Kg2 {[%clk 0:01:45]} Qb7+
{[%clk 0:05:31]} 72. Qf3 {[%clk 0:02:05]} Qc7 {[%clk 0:05:27]} 73. Qd5
{[%clk 0:02:27]} Kg7 {[%clk 0:05:26]} 74. Kh2 {[%clk 0:01:55]} Qc2
{[%clk 0:05:26]} 75. Qd4 {[%clk 0:01:34]} Kh7 {[%clk 0:05:36]} 76. Kg2
{[%clk 0:00:35]} Qc6+ {[%clk 0:05:53]} 77. Kh2 {[%clk 0:00:48]} Qc2
{[%clk 0:05:45]} 78. Qf4 {[%clk 0:00:57]} Qa2 {[%clk 0:05:43]} 79. Qf6
{[%clk 0:00:42]} Qc4 {[%clk 0:05:44]} 80. Kg2 {[%clk 0:00:40]} Qd5+
{[%clk 0:05:52]} 81. Qf3 {[%clk 0:00:56]} Qa2 {[%clk 0:05:34]} 82. Qb7
{[%clk 0:00:44]} Qc4 {[%clk 0:05:25]} 83. Kh2 {[%clk 0:00:36]} Qe6
{[%clk 0:05:35]} 84. Kg1 {[%clk 0:00:41]} Qc4 {[%clk 0:05:28]} 85. Qd7
{[%clk 0:00:47]} Qc1+ {[%clk 0:05:40]} 86. Kg2 {[%clk 0:01:14]} Qc4
{[%clk 0:06:02]} 87. e6 {[%clk 0:00:56]} Qxe6 {[%clk 0:05:37]} 88. Qxe6
{[%clk 0:01:25]} fxe6 {[%clk 0:06:05]} 89. Kf3 {[%clk 0:01:23]} Kg7
{[%clk 0:06:29]} 90. Kf4 {[%clk 0:01:05]} Kf6 {[%clk 0:06:48]} 91. Ke4
{[%clk 0:00:57]} e5 {[%clk 0:06:55]} 92. Kd5 {[%clk 0:01:04]} Kf5
{[%clk 0:06:11]} 93. f3 {[%clk 0:01:17]} Kf6 {[%clk 0:06:16]} 94. Kd6
{[%clk 0:00:43]} Kf5 {[%clk 0:06:09]} 95. Kd5 {[%clk 0:01:13]} Kf6
{[%clk 0:06:36]} 96. Ke4 {[%clk 0:00:56]} Ke6 {[%clk 0:06:43]} 97. g4
{[%clk 0:00:58]} Kd6 {[%clk 0:04:46]} 98. gxh5 {[%clk 0:00:56]} gxh5
{[%clk 0:05:15]} 99. Kf5 {[%clk 0:01:00]} Kd5 {[%clk 0:05:33]} 100. Kg5
{[%clk 0:01:11]} Ke6 {[%clk 0:05:15]} 101. Kg6 {[%clk 0:01:36]} Ke7
{[%clk 0:04:03]} 102. Kxh5 {[%clk 0:01:56]} Kf6 {[%clk 0:04:29]} 103. Kg4
{[%clk 0:02:14]} Kg6 {[%clk 0:04:40]} 104. h5+ {[%clk 0:02:40]} Kf6
{[%clk 0:04:51]} 105. h6 {[%clk 0:02:50]} Kg6 {[%clk 0:05:20]} 106. h7
{[%clk 0:03:10]} Kxh7 {[%clk 0:05:44]} 107. Kf5 {[%clk 0:03:36]} Kg7
{[%clk 0:05:58]} 108. Kxe5 {[%clk 0:04:01]} Kg6 {[%clk 0:06:14]} 109. Kd6
{[%clk 0:03:59]} Kf5 {[%clk 0:06:43]} 110. Kc6 {[%clk 0:04:22]} Kf4
{[%clk 0:07:09]} 111. Kb6 {[%clk 0:04:49]} Kxf3 {[%clk 0:07:36]} 112. Kxa6
{[%clk 0:05:12]} Ke4 {[%clk 0:08:03]} 113. Kb6 {[%clk 0:05:25]} Kd5
{[%clk 0:08:29]} 114. a6 {[%clk 0:05:49]}
1-0

[Event "Landsturneringen 2017"]
[Site "Clarion Energy Hotel, Stavanger"]
[Date "2017.07.06"]
[Round "7"]
[White "Sjøberg, Isak"]
[Black "Rødsmoen, Maud"]
[Result "0-1"]
[WhiteElo "2076"]
[BlackElo "1968"]
[PlyCount "150"]
[EventDate "2017.??.??"]

1. e4 c5 2. Nf3 e6 3. b3 Nc6 4. Bb2 Nf6 5. e5 Ng4 6. Bb5 Qc7 7. Bxc6 Qxc6 8. d3
Be7 9. h3 Nh6 10. Nbd2 b6 11. Ne4 Bb7 12. Qd2 Nf5 13. g4 d5 14. Nc3 Nh4 15.
Nxh4 Bxh4 16. O-O-O Be7 17. f4 O-O-O 18. Kb1 Kb8 19. Ne2 h5 20. f5 hxg4 21.
hxg4 d4 22. Rxh8 Rxh8 23. Qf4 Qf3 24. Rd2 Rh1+ 25. Bc1 Qxf4 26. Nxf4 c4 27. Rf2
Bh4 28. fxe6 fxe6 29. Re2 Bf3 30. bxc4 Bxe2 31. Nxe2 Bg5 32. Kb2 Bxc1+ 33. Nxc1
Re1 34. Nb3 Rxe5 35. Nxd4 Kc7 36. Nb5+ Kb8 37. Nd4 Kb7 38. Kc3 a6 39. Nf3 Re2
40. Ng5 Kc6 41. Ne4 e5 42. a3 Rg2 43. g5 Kc7 44. a4 Kc6 45. Kb3 Rg1 46. Kc3 a5
47. d4 exd4+ 48. Kxd4 Ra1 49. Nc3 Ra3 50. Nd5 Rxa4 51. Ne7+ Kd7 52. Nd5 Ra1 53.
Nxb6+ Kd6 54. c5+ Kc6 55. Nc4 Rd1+ 56. Kc3 a4 57. Nb2 Ra1 58. Nd3 Rg1 59. g6
Kb5 60. c6 Rxg6 61. Ne5 Rxc6+ 62. Kb2 g5 63. c3 Rc4 64. Nd3 g4 65. Ne1 Re4 66.
c4+ Kxc4 67. Nc2 Re2 68. Kc1 Rxc2+ 69. Kxc2 g3 70. Kb2 g2 71. Ka3 g1=Q 72. Kb2
a3+ 73. Ka2 Qf2+ 74. Kxa3 Qb6 75. Ka2 Kc3
0-1

[Event "Landsturneringen 2017"]
[Site "Clarion Energy Hotel, Stavanger"]
[Date "2017.07.06"]
[Round "7"]
[White "Machlik, Monika"]
[Black "Nordquelle, Daniel"]
[Result "1/2-1/2"]
[WhiteElo "2049"]
[BlackElo "2047"]
[PlyCount "60"]

1. d4 {[%clk 1:30:58]} d5 {[%clk 1:30:06]} 2. c4 {[%clk 1:29:59]} e6
{[%clk 1:30:25]} 3. Nc3 {[%clk 1:29:10]} c6 {[%clk 1:30:30]} 4. e3
{[%clk 1:24:05]} Nf6 {[%clk 1:30:49]} 5. Nf3 {[%clk 1:24:02]} Nbd7
{[%clk 1:30:47]} 6. Qc2 {[%clk 1:23:56]} Bd6 {[%clk 1:30:59]} 7. b3
{[%clk 1:24:20]} O-O {[%clk 1:31:07]} 8. Be2 {[%clk 1:22:54]} b6 {[%clk 1:23:02]}
9. O-O {[%clk 1:22:39]} Bb7 {[%clk 1:23:24]} 10. Bb2 {[%clk 1:21:48]} Re8
{[%clk 1:23:43]} 11. Rad1 {[%clk 1:21:08]} Qe7 {[%clk 1:23:44]} 12. Rfe1
{[%clk 1:20:19]} c5 {[%clk 1:19:47]} 13. cxd5 {[%clk 1:19:37]} exd5
{[%clk 1:19:51]} 14. Bf1 {[%clk 1:18:09]} Rac8 {[%clk 1:17:38]} 15. Qb1
{[%clk 1:12:29]} c4 {[%clk 1:03:16]} 16. g3 {[%clk 1:01:03]} cxb3
{[%clk 0:56:38]} 17. axb3 {[%clk 1:01:24]} Bb4 {[%clk 0:56:54]} 18. Rc1
{[%clk 0:55:26]} Ne4 {[%clk 0:53:28]} 19. Qa1 {[%clk 0:54:24]} Ndf6
{[%clk 0:49:04]} 20. Re2 {[%clk 0:39:08]} a5 {[%clk 0:46:04]} 21. Rec2
{[%clk 0:36:07]} Nxc3 {[%clk 0:28:39]} 22. Bxc3 {[%clk 0:36:28]} Ne4
{[%clk 0:29:03]} 23. Bxb4 {[%clk 0:32:36]} Qxb4 {[%clk 0:29:16]} 24. Rc7
{[%clk 0:30:09]} Rxc7 {[%clk 0:28:55]} 25. Rxc7 {[%clk 0:30:35]} Bc8
{[%clk 0:29:03]} 26. Qc1 {[%clk 0:27:15]} Be6 {[%clk 0:27:55]} 27. Qc2
{[%clk 0:22:43]} g6 {[%clk 0:19:53]} 28. Bd3 {[%clk 0:18:24]} Bh3
{[%clk 0:16:11]} 29. Bf1 {[%clk 0:07:02]} Be6 {[%clk 0:14:24]} 30. Bd3
{[%clk 0:06:03]} Bh3 {[%clk 0:12:10]}
1/2-1/2

[Event "Landsturneringen 2017"]
[Site "Clarion Energy Hotel, Stavanger"]
[Date "2017.07.06"]
[Round "7"]
[White "Kyrkjebø, Hanna B"]
[Black "Fossan, Andreas"]
[Result "1/2-1/2"]
[WhiteElo "1923"]
[BlackElo "1998"]
[PlyCount "106"]
[EventDate "2017.??.??"]

1. e4 e6 2. d3 d5 3. Qe2 Nf6 4. Nf3 Be7 5. g3 c5 6. Bg2 Nc6 7. O-O O-O 8. e5
Nd7 9. c4 b5 10. cxb5 Na5 11. Nc3 a6 12. Bf4 axb5 13. Nxb5 Ba6 14. a4 Bxb5 15.
axb5 Qb6 16. Qc2 Qxb5 17. h4 Rfb8 18. Nd2 Nc6 19. Rxa8 Rxa8 20. Qc3 h6 21. Nf3
Rb8 22. Rb1 Nb6 23. b3 d4 24. Qd2 Nb4 25. Ne1 N6d5 26. h5 Ra8 27. Be4 Ra2 28.
Rb2 Rxb2 29. Qxb2 Nc3 30. Qa1 Nba2 31. Qb2 Nxe4 32. Qxa2 Nc3 33. Qc2 Nd5 34.
Ng2 Nb4 35. Qc4 Qxc4 36. dxc4 Kf8 37. Bd2 Nc6 38. f4 Bd8 39. Kf1 Ba5 40. Ke2
Bxd2 41. Kxd2 f6 42. exf6 gxf6 43. Ne1 Ke7 44. Nd3 Kd6 45. Nf2 f5 46. g4 fxg4
47. Nxg4 e5 48. fxe5+ Nxe5 49. Nxh6 Ke6 50. Ng8 Kf7 51. Nh6+ Kf6 52. Ng8+ Kf7
53. Nh6+ Kf6
1/2-1/2

[Event "Landsturneringen 2017"]
[Site "Clarion Energy Hotel, Stavanger"]
[Date "2017.07.06"]
[Round "7"]
[White "Olsen, Ulrik"]
[Black "Keadana, Amir"]
[Result "1-0"]
[WhiteElo "1913"]
[BlackElo "1829"]
[PlyCount "120"]
[EventDate "2017.??.??"]

1. Nf3 g6 2. g3 Bg7 3. Bg2 c5 4. d4 cxd4 5. Nxd4 Nc6 6. c3 Nf6 7. O-O O-O 8. e4
d6 9. Nxc6 bxc6 10. e5 dxe5 11. Qxd8 Rxd8 12. Bxc6 Rb8 13. Nd2 Nd5 14. Nb3 Rb6
15. Bxd5 Rxd5 16. Be3 Rb7 17. Rfd1 Be6 18. Rxd5 Bxd5 19. Rd1 Rd7 20. c4 Be6 21.
Rxd7 Bxd7 22. Bxa7 Be6 23. Na5 e4 24. b3 Kf8 25. Bc5 Ke8 26. Nc6 Bf6 27. Nb4
Bg4 28. Nd5 Bd1 29. Ne3 Be2 30. a4 Kd7 31. a5 Kc6 32. a6 e6 33. b4 Be5 34. b5+
Kc7 35. b6+ Kc6 36. Nc2 Bc3 37. Nb4+ Bxb4 38. b7 Bxc5 39. b8=Q Bxc4 40. a7 Bxa7
41. Qxa7 e5 42. Qe7 Be6 43. Qh4 e3 44. Qe4+ Kd6 45. Qxe3 h5 46. Qg5 e4 47. Qf6
Kd5 48. Kf1 e3 49. Qg5+ Kd6 50. Qxe3 Ke7 51. f3 Kf8 52. Qg5 Kg7 53. Ke2 Kg8 54.
Ke3 Kg7 55. Kd4 Kf8 56. Ke5 Ke8 57. Kf6 Kd7 58. g4 hxg4 59. fxg4 Ke8 60. h4
Bxg4
1-0

[Event "Landsturneringen 2017"]
[Site "Clarion Energy Hotel, Stavanger"]
[Date "2017.07.06"]
[Round "7"]
[White "Greibrokk, Ingrid"]
[Black "Kjærås, Alf Marius"]
[Result "0-1"]
[WhiteElo "1868"]
[BlackElo "1713"]
[PlyCount "100"]
[EventDate "2017.??.??"]

1. e4 c5 2. Nf3 d6 3. d4 cxd4 4. Nxd4 Nf6 5. Nc3 a6 6. Bg5 e6 7. f4 Be7 8. Qd2
Nbd7 9. O-O-O Qc7 10. g4 h6 11. Bxf6 Bxf6 12. Bg2 Ne5 13. Qe2 Nc4 14. h4 Nxb2
15. Kxb2 Bxd4 16. Rxd4 Qb6+ 17. Nb5 Bd7 18. Rxd6 Qxb5+ 19. Qxb5 Bxb5 20. e5 Rb8
21. Rhd1 Be2 22. R1d4 Bxg4 23. Rb6 O-O 24. Rd7 Rfd8 25. Rbxb7 Rxb7+ 26. Rxb7
Rd4 27. Bf1 Rxf4 28. Bxa6 Bf3 29. Rb8+ Kh7 30. Bd3+ g6 31. c4 Rxh4 32. a4 Rh2+
33. Kc3 h5 34. Rb1 Kg7 35. Ra1 h4 36. a5 h3 37. Kd4 Rd2 38. Ke3 Rxd3+ 39. Kxd3
h2 40. Kd4 Kf8 41. Kc5 Ke7 42. Kb6 Kd7 43. c5 h1=Q 44. Rxh1 Bxh1 45. a6 g5 46.
Ka7 Kc6 47. Kb8 Kxc5 48. a7 g4 49. Kc7 g3 50. Kd7 Bd5
0-1

[Event "Landsturneringen 2017"]
[Site "Clarion Energy Hotel, Stavanger"]
[Date "2017.07.06"]
[Round "7"]
[White "Næss, Sara"]
[Black "Jarve, Edvin"]
[Result "1/2-1/2"]
[WhiteElo "1786"]
[BlackElo "1843"]
[PlyCount "51"]
[EventDate "2017.??.??"]

1. e4 e6 2. d4 d5 3. Nd2 c5 4. exd5 Qxd5 5. Ndf3 Nc6 6. Bb5 Bd7 7. Ne2 cxd4 8.
Bxc6 Bxc6 9. Qxd4 Qf5 10. Qd3 Qxd3 11. cxd3 Bxf3 12. gxf3 Nf6 13. Be3 Bb4+ 14.
Nc3 a6 15. Ke2 Rc8 16. Rac1 Nd7 17. Nd5 Rxc1 18. Rxc1 Ba5 19. Rc8+ Bd8 20. Nb6
Ke7 21. Nxd7 Kxd7 22. Rb8 Kc6 23. Rc8+ Kd7 24. Rb8 Kc6 25. Rc8+ Kd7 26. Rb8
1/2-1/2